Statistiques concernant Outer wilds : les Nomaïs

Cliquez ici pour prendre le quiz!

Statistiques générales

  • Ce quiz a été pris 87 fois
  • Le résultat moyen est 15 sur 36

Statistiques - réponses

IndiceRéponse% Correct
Nomaï ayant effectué son pèlerinage vers la Lune quantique. Seule nomaï rencontrée en jeu.Solanum
95%
Soeur de Clary et apprentie de Annona, a recréé la technologie de son mentor. Est décédée dans l'Intrus.Poke
83%
A créé les masques de stockage pour le projet Sablière noire.Daz
77%
Géologiste du Vaisseau, a permit aux Nomaïs de découvrir l'intrication quantique. Mentor de Cycad.Coleus
76%
A travaillé au laboratoire des hautes énergies ainsi que sur la station solaire, dans le cadre du projet Sablière noire. A découvert la matière fantôme avec Poke.Pye
76%
A travaillé sur l'approvisionnement en minerai pour la coque du projet Sablière noire.Cycad
74%
A travaillé sur la forge du trou noir avec Poke et Root. Petite amie de Yarrow.Clary
70%
Un nomai scientifique ayant travaillé à l'Observatoire sud.Conoy
68%
Membre de haut rang et officier sur le Vaisseau, a remarqué que le signal de l'Oeil était plus vieux que l'univers.Filix
68%
A créé les statues mnémoniques;Phlox
68%
Mari de Mallow et frère de Daz, a imaginé le lance-sonde orbital et a aidé à sa construction.Avens
67%
Un/une nomaï ayant atteri sur Cravité. Son/sa partenaire lui manque terriblement.Kousa
67%
A découvert la grotte qui deviendra la Cité obscure, mentor de Coleus.Melorae
67%
A proposé aux nomais de trouver L'Oeil de l'univers avec une sonde. A travaillé sur le lance-sonde orbital avec son mari.Mallow
64%
Nomaï de haut rang à la Cité obscure, a supervisé le projet Sablière noire.Yarrow
64%
Un/une nomaï ayant disparu sur sombronces.Keek
59%
A travaillé sur la station solaire avec Pye, mais n'a jamais été d'accord avec sa construction.Idaea
58%
A travaillé sur la forge du trou noir. A imaginé les tours de la Sablière noire.Root
56%
Officier sur le Vaisseau, a inventé la technologie de distorsion.Annona
53%
Capitaine du Vaisseau.Escall
26%
Père de Phlox, a suggéré aux nomaïs sur Cravité de construire une colonie dans le glacier au nord de la planète. Cherche un/une nomaï nommé(e) Keek.Plume
20%
A travaillé sur la construction du lance-sonde orbital sur Léviathe avec Avens. Mari de Daz.Cassava
17%
Nomaï ayant guidé au pèlerinage vers la Lune quantique d'autres nomaïs, dont Solanum.Bells
14%
Un/une nomaï ayant disparu sur Sombronces. Petit(e) ami(e) de Kousa.Foli
14%
A participé à l'extraction du minerais d'Atrebois pour le projet Sablière noire avec Coleus et Cycad.Oeno
14%
Partenaire de jeu de Solanum, sur Sablière rouge.Lami
12%
Un/une nomaï ayant atteri sur Cravité, neveu/nièce de Melorae.Thatch
12%
Un/une nomaï ayant vécu sur Sablière rouge. A aidé à la construction du traceur lunaire.Bur
11%
Un/une nomaï ayant atteri sur sablière rouge, a cherché un endroit pour bâtir la Cité obscure.Rhus
9%
Membre de la capsule de sauvetage 3, a péri sur sombronces.Secca
8%
A travaillé au laboratoire des hautes énergies, a notamment confirmé la théorie de l'intervalle négatif avec Pye.Ramie
6%
Un/une nomaï ayant travaillé à l'Observatoire sud avec Conoy.Spire
6%
Partenaire de jeu de Solanum, sur Sablière rouge.Laevi
5%
Apprentie de Filix et soeur de Idaea, a travaillé sur le lance-sonde orbital.Privet
5%
Membre de la capsule de sauvetage 3, a péri sur sombronces.Din
3%
Un/une nomaï ayant vécu à la cité suspendue. A participé au débat pour obtenir un générateur de distortion avancé pour le projet Sablière noire.Mitis
2%

Distribution des résultats

Percentile par nombre de réponses

% des personnes avec chaque résultat

Votre développement - résultats

Vous n’avez pas pris ce quiz